000 00845cam a2200241 a 4500
001 706845
005 20180302072558.0
008 970127s1997 nyuab bs 001 0 eng
010 _a 97001728
020 _a0679780157 (pbk.)
040 _aDLC
_cDLC
_dDLC
041 _aeng
080 _a305.42 NEF
082 0 0 _a305.42 NEF
_221
100 1 _a50
101 _aSOC
245 1 0 _aWhere women stand :
_cNaomi Neft and Ann D. Levine.
504 _aIncludes bibliographical references (p. 522-529) and index.
906 _a7
_bcbc
_corignew
_d1
_eocip
_f19
_gy-gencatlg
942 _2ddc
_cBK
999 _c44048
_d44048